Europe by Images - 'A' - Statistics

General Stats
  • This quiz has been taken 81 times
  • The average score is 9 of 16
Answer Stats
Picture Hint Answer % Correct
Capital City Athens
100%
Physicist Albert Einstein
99%
Country Albania
87%
Mountain Range Alps
85%
Capital City Amsterdam
83%
Philosopher Aristotle
75%
Country Andorra
72%
King Alexander
70%
Monument Arc de Triomphe
66%
Palace Alhambra
42%
Food Arancini
37%
Archipelago Azores
32%
City Avignon
30%
City Aarhus
24%
Naational Park/Cave Aggtelek
0%
Beach/Bay Anthony Quinn
0%
No matching quizzes found
Score Distribution
Percent of People with Each Score
Percentile by Number Answered
Your Score History
You have not taken this quiz